Ausgewählte Briefe Papst Gregors VII.
| Subtitles: | Gregorii Papae VII. Epistolae selectae |
|---|---|
| Main Author: | |
| Contributors: | |
| Format: | Print Book |
| Language: | Latin German |
| Subito Delivery Service: | Order now. |
| Check availability: | HBZ Gateway |
| WorldCat: | WorldCat |
| Interlibrary Loan: | Interlibrary Loan for the Fachinformationsdienste (Specialized Information Services in Germany) |
| Published: |
Darmstadt
Wiss. Buchges.
1978
|
| In: |
Quellen zum Investiturstreit (Teil 1)
Year: 1978 |
| Series/Journal: | Quellen zum Investiturstreit
Teil 1 Ausgewählte Quellen zur deutschen Geschichte des Mittelalters 12a |
| Standardized Subjects / Keyword chains: | B
Gregor, VII., Pope ca. 1019-1085
/ Investitute controversy
|
| Further subjects: | B
Spring
|
| Sammlungen: |
MARC
| LEADER | 00000cam a2200000 cb4500 | ||
|---|---|---|---|
| 001 | 029275652 | ||
| 003 | DE-627 | ||
| 005 | 20260408095029.0 | ||
| 007 | tu | ||
| 008 | 840220s1978 gw ||||| 00| ||lat c | ||
| 020 | |a 3534055772 |9 3-534-05577-2 | ||
| 035 | |a (DE-627)029275652 | ||
| 035 | |a (DE-576)9029275650 | ||
| 035 | |a (DE-599)GBV029275652 | ||
| 035 | |a (OCoLC)180647955 | ||
| 040 | |a DE-627 |b ger |c DE-627 |e rakwb | ||
| 041 | |a lat |a ger | ||
| 044 | |c XA-DE | ||
| 084 | |a NM 1100 |2 rvk |0 (DE-625)rvk/126263: | ||
| 084 | |a 11.52 |2 bkl | ||
| 084 | |a 15.41 |2 bkl | ||
| 100 | 0 | |0 (DE-588)118541862 |0 (DE-627)139148663 |0 (DE-576)208940839 |4 aut |a Gregor |b VII. |c Papst |d ca. 1019-1085 | |
| 109 | |a Gregorius Sanctus ca. 1019-1085 |a Hildebrandus Tuscus ca. 1019-1085 |a Hildebrand Papst ca. 1019-1085 |a Gregor VII Papst ca. 1019-1085 |a Hildebrand ca. 1019-1085 |a Grégoire VII. Papa ca. 1019-1085 |a Grigorij VII. Papa ca. 1019-1085 |a Gregory VII. Pope ca. 1019-1085 |a Gregorio VII. Papa ca. 1019-1085 |a Ildebrando ca. 1019-1085 |a Grégoire VII. Pape ca. 1019-1085 |a Gregor VII. Papa ca. 1019-1085 |a Hildebrand Theologe ca. 1019-1085 |a Gregorius VII. Papa ca. 1019-1085 |a Gregor VII. Papst ca. 1019-1085 |a Hildebrandus Papa ca. 1019-1085 |a Hildebrandus Subdiaconus ca. 1019-1085 |a Gregory VII Papst ca. 1019-1085 |a Ildebrando della Tuscia ca. 1019-1085 |a Gregorius VII Papa ca. 1019-1085 |a Gregorius Papa, VII. ca. 1019-1085 |a Folleprandus ca. 1019-1085 |a Gregorio VII Papa ca. 1019-1085 |a Gregorius VII Papst ca. 1019-1085 |a Grégoire VII Pape ca. 1019-1085 |a Gregorius VII. Papst ca. 1019-1085 |a Gregory VII Pope ca. 1019-1085 |a Gregorius 7 Papst ca. 1019-1085 | ||
| 243 | 1 | 0 | |a Sammlung |
| 245 | 1 | 0 | |a Ausgewählte Briefe Papst Gregors VII. |c übers. von Franz-Josef Schmale |
| 246 | 1 | |i Parallelt. |a Gregorii Papae VII. Epistolae selectae | |
| 246 | 3 | 3 | |a Gregorii Papae VII. Epistolae selectae |
| 264 | 1 | |a Darmstadt |b Wiss. Buchges. |c 1978 | |
| 300 | |a 442 S. | ||
| 336 | |a Text |b txt |2 rdacontent | ||
| 337 | |a ohne Hilfsmittel zu benutzen |b n |2 rdamedia | ||
| 338 | |a Band |b nc |2 rdacarrier | ||
| 490 | 1 | |a Quellen zum Investiturstreit |v Teil 1 | |
| 490 | 1 | |a Ausgewählte Quellen zur deutschen Geschichte des Mittelalters |v 12a | |
| 500 | |a Literaturverz. S. [23] - 26 | ||
| 546 | |a Text dt. und lat. | ||
| 583 | 1 | |a Massenentsäuert |c 2018 |k DE-18 |2 pdager |5 DE-18-161 | |
| 655 | 7 | |a Quelle |0 (DE-588)4135952-5 |0 (DE-627)105661236 |0 (DE-576)209665084 |2 gnd-content | |
| 689 | 0 | 0 | |d p |0 (DE-588)118541862 |0 (DE-627)139148663 |0 (DE-576)208940839 |2 gnd |a Gregor |b VII. |c Papst |d ca. 1019-1085 |
| 689 | 0 | 1 | |d s |0 (DE-588)4027580-2 |0 (DE-627)106284150 |0 (DE-576)208971408 |2 gnd |a Investiturstreit |
| 689 | 0 | |5 (DE-627) | |
| 700 | 1 | |0 (DE-588)118846752 |0 (DE-627)07962216X |0 (DE-576)162924682 |4 oth |a Schmale, Franz-Josef |d 1924-2015 | |
| 830 | 0 | |a Quellen zum Investiturstreit |v Teil 1 |9 1 |w (DE-627)029275644 |w (DE-576)9029275642 |7 am | |
| 830 | 0 | |a Ausgewählte Quellen zur deutschen Geschichte des Mittelalters |v 12a |9 12,1 |w (DE-627)130108073 |w (DE-576)000213527 |w (DE-600)503420-6 |x 0067-0650 |7 am | |
| 935 | |a JALB |a mteo | ||
| 936 | r | v | |a NM 1100 |b Deutschland |k Geschichte |k Geschichte des Mittelalters |k Quellen und Darstellungen zum Gesamtzeitraum |k Quellen (vor allem Reihen) |k Deutschland |0 (DE-627)1270879855 |0 (DE-625)rvk/126263: |0 (DE-576)200879855 |
| 936 | b | k | |a 11.52 |j Mittelalterliches Christentum |0 (DE-627)10641965X |
| 936 | b | k | |a 15.41 |j Deutsche Geschichte bis 1499 |x Deutsche Geschichte |0 (DE-627)18156971X |
| 936 | s | n | |a n100 |2 mzub |
| 936 | s | n | |a b100 |2 mzub |
| 951 | |a MV | ||
| ELC | |b 1 | ||
| LOK | |0 000 xxxxxcx a22 zn 4500 | ||
| LOK | |0 001 4578061949 | ||
| LOK | |0 003 DE-627 | ||
| LOK | |0 004 029275652 | ||
| LOK | |0 005 20240909125544 | ||
| LOK | |0 008 240909||||||||||||||||ger||||||| | ||
| LOK | |0 040 |a DE-Tue135 |c DE-627 |d DE-Tue135 | ||
| LOK | |0 092 |o n | ||
| LOK | |0 852 |a DE-Tue135 | ||
| LOK | |0 852 1 |9 00 | ||
| LOK | |0 866 |x SPQUE#Johannes a Lasco Bibliothek | ||
| LOK | |0 935 |a JALB | ||
| LOK | |0 939 |a 2024-09-09 |b l01 | ||
| ORI | |a TA-MARC-ixtheoa001.raw | ||
| STA | 0 | 0 | |a Investitute controversy |
| STB | 0 | 0 | |a Querelle des investitures |
| STC | 0 | 0 | |a Querella de las investiduras |
| STD | 0 | 0 | |a Lotta per le investiture |
| STE | 0 | 0 | |a 叙任权斗争,叙任权争夺 |
| STF | 0 | 0 | |a 叙任權鬥爭,叙任權爭奪 |
| STG | 0 | 0 | |a Questão das investiduras |
| STH | 0 | 0 | |a Борьба за инвеституру |
| STI | 0 | 0 | |a Διαμάχη για την περιβολή εξουσίας |
| SYG | 0 | 0 | |a Gregorius,VII.,Papa,ca. 1019-1085,Hildebrand,Theologe,ca. 1019-1085,Gregor,VII.,Papa,ca. 1019-1085,Grégoire,VII.,Papa,ca. 1019-1085,Grégoire,VII.,Pape,ca. 1019-1085,Gregorio,VII.,Papa,ca. 1019-1085,Gregory,VII.,Pope,ca. 1019-1085,Grigorij,VII.,Papa,ca. 1019-1085,Hildebrand,ca. 1019-1085,Hildebrandus,Tuscus,ca. 1019-1085,Ildebrando,ca. 1019-1085,Gregorius,Sanctus,ca. 1019-1085,Hildebrand,Papst,ca. 1019-1085,Hildebrandus,Papa,ca. 1019-1085,Hildebrandus,Subdiaconus,ca. 1019-1085,Ildebrando,della Tuscia,ca. 1019-1085,Folleprandus,ca. 1019-1085,Gregor,VII,Papst,ca. 1019-1085,Gregorio,VII,Papa,ca. 1019-1085,Gregorius,VII,Papst,ca. 1019-1085,Gregory,VII,Papst,ca. 1019-1085,Grégoire,VII,Pape,ca. 1019-1085,Gregorius,VII,Papa,ca. 1019-1085,Gregory,VII,Pope,ca. 1019-1085,Gregorius,VII.,Papst,ca. 1019-1085,Gregorius,Papa, VII.,ca. 1019-1085,Gregorius,7,Papst,ca. 1019-1085 |
| TIM | |a 100010500101_100011221231 |b Investiturstreit 1050-1122 | ||